What Movie? Mr. and Mrs. Films Quiz Stats

 Plays Quiz Updated May 10, 2018

Challenge
Share
Tweet
Score 0/24 Timer 08:00
0 Plays Today
% Correct
Mr. & Mrs. Smith
97%
Driving Miss Daisy
93%
Mrs. Doubtfire
92.8%
Miss Congeniality
87.9%
Fantastic Mr. Fox
78.7%
Little Miss Sunshine
77.4%
Mr. Popper's Penguins
68.4%
Mr. Mom
65%
Mr. Deeds
64.2%
Mr. Smith Goes to Washington
60.5%
The Talented Mr. Ripley
59%
Saving Mr. Banks
53.9%
% Correct
Mr. Holland's Opus
43.4%
Mr. Peabody & Sherman
39.2%
Mr. Bean's Holiday
30.8%
Dr. Jekyll and Mr. Hyde
30.6%
Mr. Magorium's Wonder Emporium
26.1%
Mr. Woodcock
23.9%
Mr. Nanny
18.4%
Miss Peregrine's Home for Peculiar Children
17.2%
Mr. Holmes
16.5%
Mr. Brooks
15.1%
Mr. Nobody
10.4%
Mr. Deeds Goes to Town
7.3%

You're not logged in!

Compare scores with friends on all Sporcle quizzes.
OR
Log In

You Might Also Like...

Show Comments

Extras

Top Quizzes Today


Score Distribution

Your Account Isn't Verified!

In order to create a playlist on Sporcle, you need to verify the email address you used during registration. Go to your Sporcle Settings to finish the process.

Report this User

Report this user for behavior that violates our Community Guidelines.

Details: